000 00250nam a22000857a 4500
999 _c10966
_d10966
008 180703b ||||| |||| 00| 0 eng d
100 _aVerlag, Max Huber
_93964
245 _aLernziel Deutsch
_bDeutsch als fremdsprache
260 _aChennai
_bMicro print
_c2009